Mission Caribbean (Record no. 16388)

000 -LEADER
fixed length control field 00467nam a22001817a 4500
003 - CONTROL NUMBER IDENTIFIER
control field NUST
005 - DATE AND TIME OF LATEST TRANSACTION
control field 20170530120216.0
008 - FIXED-LENGTH DATA ELEMENTS--GENERAL INFORMATION
fixed length control field 170530b xxu||||| |||| 00| 0 eng d
020 ## - INTERNATIONAL STANDARD BOOK NUMBER
International Standard Book Number 9789698893026
040 ## - CATALOGING SOURCE
Original cataloging agency DLC
Language of cataloging DLC
Transcribing agency RCMS
050 ## - LIBRARY OF CONGRESS CALL NUMBER
Classification number 796.3580954 KHA
082 ## - DEWEY DECIMAL CLASSIFICATION NUMBER
Classification number 796.3580954 KHA
Author Mark MAH 2007
100 ## - MAIN ENTRY--PERSONAL NAME
Personal name Syed Khalid Mahmood
9 (RLIN) 1581
245 ## - TITLE STATEMENT
Title Mission Caribbean
Remainder of title A Guide to ICC Cricket World Cup 2007
Statement of responsibility, etc. Syed Khalid Mahmood
250 ## - EDITION STATEMENT
Edition statement 1st
260 ## - PUBLICATION, DISTRIBUTION, ETC.
Place of publication, distribution, etc. Karachi
Name of publisher, distributor, etc. Jumbo Publishing
Date of publication, distribution, etc. 2007
300 ## - PHYSICAL DESCRIPTION
Extent 122 p.;
Other physical details ill.;
Dimensions 22 cm
440 ## - SERIES STATEMENT/ADDED ENTRY--TITLE
Title Mission Caribbean
9 (RLIN) 1582
538 ## - SYSTEM DETAILS NOTE
Display text Shelf # 13, Row # 4, Fiction.
650 ## - SUBJECT ADDED ENTRY--TOPICAL TERM
Topical term or geographic name entry element Cricket
9 (RLIN) 1583
942 ## - ADDED ENTRY ELEMENTS (KOHA)
Source of classification or shelving scheme
Koha item type Book
Classification part 796.3580954 KHA
Holdings
Withdrawn status Lost status Source of classification or shelving scheme Damaged status Not for loan Collection code Permanent Location Current Location Shelving location Date acquired Total Checkouts Full call number Barcode Date last seen Price effective from Koha item type
            School of Interdisciplinary Engineering and Sciences (SINES) School of Interdisciplinary Engineering and Sciences (SINES) Fiction 04/20/2016   796.3580954 KHA RCMS002950 04/20/2016 04/20/2016 Fiction
© 2023 Central Library, National University of Sciences and Technology. All Rights Reserved.